Revolución en Alemania / (Registro nro. 36498)

Detalles MARC
000 -LEADER
campo de control de longitud fija 00587nam a2200181 i 4500
001 - NÚMERO DE CONTROL
campo de control 36498
003 - IDENTIFICADOR DE NÚMERO DE CONTROL
campo de control ES-MaACL
005 - FECHA Y HORA DE LA ÚLTIMA TRANSACCIÓN
campo de control 20230906155401.0
007 - CAMPO FIJO DE DESCRIPCIÓN FÍSICA--INFORMACIÓN GENERAL
campo de control de longitud fija t|
008 - DATOS DE LONGITUD FIJA--INFORMACIÓN GENERAL
campo de control de longitud fija 030218s1973 sp ||||1| spa d
100 1# - ENTRADA PRINCIPAL--NOMBRE DE PERSONA
Nombre de persona Broué, Pierre.
9 (RLIN) 31958
245 10 - MENCIÓN DEL TÍTULO
Título Revolución en Alemania /
Mención de responsabilidad, etc. Pierre Broué ; [traducción, Enrique Oltra].
260 ## - PUBLICACIÓN, DISTRIBUCIÓN, ETC.
Lugar de publicación, distribución, etc. Barcelona :
Nombre del editor, distribuidor, etc. A. Redondo,
Fecha de publicación, distribución, etc. [1973]
300 ## - DESCRIPCIÓN FÍSICA
Extensión 1 v. ;
Dimensiones 20 cm.
505 8# - NOTA DE CONTENIDO CON FORMATO
Nota de contenido con formato Contiene: De la guerra a la revolución. Victoria y derrota del "izquierdismo"
700 1# - ENTRADA AGREGADA--NOMBRE PERSONAL
Nombre de persona Oltra Moltó, Enrique.
9 (RLIN) 87023
852 ## - LOCALIZACIÓN
Ubicación ES-MaACL
Número de control de estantería P-1824
Sublocalización o colección R.87354
Existencias
Estatus retirado Estado de pérdida Estado de daño No para préstamo Biblioteca de origen Biblioteca actual Ubicación en estantería Fecha de adquisición Fuente de adquisición Total de préstamos Signatura topográfica completa Código de barras Visto por última vez Precio de reemplazo Tipo de ítem Koha
        Biblioteca del Ateneo de Madrid Biblioteca del Ateneo de Madrid Depósito 2 17/01/2008     P-1824 1038340 23/02/2023 23/02/2023 Libro impreso